Tíórì ati Ìsowólò-èdè
Na minha lista:
| Autor principal: | |
|---|---|
| Formato: | Livro |
| Idioma: | inglês |
| Publicado em: |
Obafemi Awolowo University Press
2014
|
| Tags: |
Adicionar Tag
Sem tags, seja o primeiro a adicionar uma tag!
|
MARC
| LEADER | 00000nam a22000007a 4500 | ||
|---|---|---|---|
| 008 | 201222b ||||| |||| 00| 0 eng d | ||
| 020 | |a : 978-136-059-3 | ||
| 100 | |a OPEFEYITIMI, Ayo. | ||
| 245 | |a Tíórì ati Ìsowólò-èdè |c Ayo Opefeyitimi. |g x; 201p. | ||
| 260 | |b Obafemi Awolowo University Press |c 2014 |h Ile-Ife: |i 689344 |i 689345 |i 689346, |i 689347 |i 690983- |i 690984 |l PL8821 .Op2 |m Yoruba language – texts | ||
| 500 | |a “It includes references | ||
| 942 | |a lcc |c BK |e Olagoke, M.A |f 22/12/2020 | ||
| 952 | |0 0 |1 0 |2 lcc |4 0 |6 PL8821 O P2 |7 0 |9 1108 |a HOL |b AC |c LP |d 2020-12-22 |l 0 |o PL8821 .Op2 |p 2020-230318 |r 2020-12-22 00:00:00 |w 2020-12-22 |y BK | ||
| 952 | |0 0 |1 0 |2 lcc |4 0 |6 PL8821 O P2 |7 0 |9 1109 |a HOL |b ED |c LP |d 2020-12-22 |l 0 |o PL8821 .Op2 |p 2020-230319 |r 2020-12-22 00:00:00 |w 2020-12-22 |y BK | ||
| 952 | |0 0 |1 0 |2 lcc |4 0 |6 PL8821 O P2 |7 0 |9 1110 |a HOL |b ART |c LP |d 2020-12-22 |l 0 |o PL8821 .Op2 |p 2020-230320 |r 2020-12-22 00:00:00 |w 2020-12-22 |y BK | ||
| 952 | |0 0 |1 0 |2 lcc |4 0 |6 PL8821 O P2 |7 0 |9 1111 |a HOL |b ART |c LP |d 2020-12-22 |l 0 |o PL8821 .Op2 |p 2020-230321 |r 2020-12-22 00:00:00 |w 2020-12-22 |y BK | ||
| 952 | |0 0 |1 0 |2 lcc |4 0 |6 PL8821 O P2 |7 0 |9 1112 |a HOL |b ART |c LP |d 2020-12-22 |l 0 |o PL8821 .Op2 |p 2020-230322 |r 2020-12-22 00:00:00 |w 2020-12-22 |y BK | ||
| 999 | |c 575 |d 575 | ||